Suomen rautatieasemat - Statistics

Yleistilastot
  • Tätä visaa on pelattu 1 819 kertaa
    1 485 viimeisimmän päivityksen jälkeen
  • Keskiarvotulos 70 / 196
Vastaustilastot
Asema % Oikein
Helsinki
92%
Oulu
90%
Tampere
87%
Turku
87%
Pasila
85%
Rovaniemi
82%
Tikkurila
80%
Jyväskylä
79%
Lahti
79%
Kouvola
78%
Kuopio
78%
Pori
78%
Seinäjoki
78%
Joensuu
77%
Hämeenlinna
75%
Kera
75%
Kemi
74%
Riihimäki
74%
Vaasa
74%
Lappeenranta
72%
Kokkola
71%
Espoo
70%
Kerava
69%
Kajaani
67%
Salo
66%
Hyvinkää
65%
Järvenpää
65%
Kotka
65%
Mikkeli
64%
Imatra
62%
Kirkkonummi
59%
Lempäälä
59%
Pieksämäki
59%
Iisalmi
58%
Nokia
58%
Toijala
58%
Hanko
57%
Kemijärvi
56%
Kolari
56%
Jämsä
55%
Savonlinna
53%
Ylivieska
53%
Malmi
48%
Orivesi
48%
Parkano
48%
Karjaa
47%
Kempele
46%
Lapua
46%
Leppävaara
46%
Mäntsälä
46%
Kauniainen
44%
Kupittaa
44%
Oulunkylä
44%
Alavus
43%
Keuruu
43%
Loimaa
43%
Siilinjärvi
43%
Käpylä
42%
Oulainen
42%
Ähtäri
41%
Lentoasema
41%
Lieksa
41%
Varkaus
41%
Kauhava
40%
Kitee
40%
Parikkala
40%
Kilo
39%
Korso
39%
Nurmes
39%
Siuntio
39%
Aviapolis
38%
Ilmala
38%
Pello
38%
Tervola
38%
Turku satama
38%
Ainola
37%
Kokemäki
37%
Myyrmäki
37%
Suonenjoki
37%
Jokela
36%
Mäntyharju
36%
Ylitornio
36%
Hiekkaharju
35%
Harjavalta
34%
Huopalahti
34%
Muhos
34%
Tammisaari
34%
Humppila
33%
Pukinmäki
33%
Tapanila
33%
Haapajärvi
32%
Lapinlahti
32%
Viiala
32%
Kannus
31%
Puistola
31%
Hankasalmi
30%
Koivukylä
30%
Malminkartano
30%
Parola
30%
Pohjois-Haaga
30%
Turenki
30%
Vaala
30%
Vammala
30%
Iittala
29%
Nastola
29%
Henna
28%
Pietarsaari-Pedersöre
28%
Saunakallio
28%
Tesoma
28%
Kivistö
27%
Paltamo
27%
Pitäjänmäki
27%
Haapamäki
26%
Kannelmäki
26%
Leinelä
26%
Martinlaakso
26%
Eno
25%
Joutseno
25%
Kauklahti
25%
Kesälahti
25%
Nivala
25%
Savio
25%
Heinävesi
24%
Masala
24%
Rekola
24%
Utajärvi
24%
Kiuruvesi
23%
Kotkan satama
23%
Ryttylä
23%
Vantaankoski
23%
Vihanti
23%
Härmä
22%
Karkku
22%
Kontiomäki
22%
Oitti
22%
Ruukki
22%
Tuuri
22%
Vilppula
22%
Haarajoki
21%
Kausala
21%
Muurola
21%
Punkaharju
21%
Simpele
21%
Kymi
20%
Misi
20%
Petäjävesi
20%
Tuomarila
20%
Valimo
20%
Dragsvik
19%
Hanko-Pohjoinen
19%
Jorvas
19%
Koria
19%
Louhela
19%
Mäkkylä
19%
Sukeva
19%
Hikiä
18%
Järvelä
18%
Tolsa
18%
Tornio-Itäinen
18%
Inkeroinen
17%
Juupajoki
17%
Koivuhovi
17%
Mommila
17%
Tervajoki
17%
Eläinpuisto-Zoo
16%
Herrala
16%
Kerimäki
16%
Myllykoski
16%
Orivesi keskusta
16%
Kyminlinna
15%
Vehkala
15%
Lappohja
14%
Uusikylä
14%
Viinijärvi
14%
Lappila
13%
Retretti
13%
Uimaharju
13%
Vainikkala
13%
Villähde
13%
Pihlajavesi
12%
Höljäkkä
11%
Kolho
11%
Lusto
11%
Myllymäki
11%
Pääskylahti
11%
Paimenportti
11%
Santala
11%
Skogby
11%
Pasila autojuna-asema
10%
Pyhäsalmi
10%
Runni
10%
Tavastila
10%
Vihtari
10%
Vuonislahti
9%
Kohtavaara
8%
Kylänlahti
8%
Ehtoja vastaavia visoja ei löytynyt
Tulosjakauma
Jokaisen tuloksen saaneiden osuus
Persentiili vastausten määrän mukaan
Tuloshistoriasi
Et ole pelannut tätä visaa sen viimeisimmän päivityksen jälkeen